|
|
|
|
| LEADER |
00764nam a22002172a 4500 |
| 001 |
000903160 |
| 003 |
CZ BrMZK |
| 005 |
20080703110531.0 |
| 007 |
ta |
| 008 |
080702s1978 xo ab er|||||||||||eng d |
| 040 |
|
|
|a ABA001
|b cze
|c ABA001
|d ABA001
|
| 100 |
1 |
|
|a Došek, Oto,
|d -2006
|7 jx20071121027
|4 aut
|
| 245 |
1 |
0 |
|a Bratislava :
|b Guide /
|c O. Došek, D. Učníková a M. Murin ; il. Alfréd Piffl a Jozef Červen
|
| 260 |
|
|
|a Bratislava :
|b Šport,
|c 1978
|
| 300 |
|
|
|a 189 s. +
|e [1] volná mp. příl.
|
| 700 |
1 |
|
|a Učníková, Danuta
|7 mzk2009544422
|4 aut
|
| 700 |
1 |
|
|a Murin, Miroslav
|7 jx20050607032
|4 aut
|
| 910 |
|
|
|a BOA001
|b 1-0788.972
|
| 990 |
|
|
|a BK
|
| 991 |
|
|
|b 200806
|
| 996 |
7 |
|
|b 2619542176
|c 1-0788.972
|l MZK
|r Sklad / do 1 hodiny
|n 0
|w 001067349
|u 000010
|a 1
|e BOA001
|j MZK50
|s A
|